England all time starting xi - Statistics

General Stats
  • This quiz has been taken 281 times
    279 since last reset
  • The average score is 8 of 11
Answer Stats
Hint Answer % Correct
FW(2015- Harry Kane
95%
FW(2003-2018 Wayne Rooney
94%
MF(1999-2014 Frank Lampard
93%
MF(2000-2014 Steven Gerrard
89%
MF(1958-1970 Bobby Charlton
82%
DF(2001-2014 Ashley cole
81%
DF(1962-1973 Bobby moore
77%
FW(1996-2009 David Beckham
77%
DF(2011-2025 Kyle Walker
74%
GK(1970-1990 Peter Shilton
50%
DF(1946-1959 Billy Wright
20%
No matching quizzes found
Score Distribution
Percent of People with Each Score
Percentile by Number Answered
Your Score History
You have not taken this quiz since the last reset